000 01414nam a2200313 c 4500
999 _c204531
_d204531
003 BLK
005 20200117131018.0
008 180411b bul|||||r ||||||| ||bul||
010 _aKNG00214096000
020 _a978-954-01-3439-0
040 _aBLK
041 _aBUL
_cBUL
072 7 _2bullib
_aН372
_xУчебни предмети. Учебници Н
080 _aЛитература в основното училище. Методика на обучението
_b373.3.016:821
_x(076)(075.2)
_z373.3.016:821(076)(075.2)
100 1 _aХранова, Албена Владимирова
_eпърви автор
_9371903
139 _aХранова, Албена Владимирова
_bХ 74
245 1 0 _aТекстове и тестове по литература VІ клас
_bПо новата учебна програма
_cАлбена Владимирова Хранова.
257 _aBGR
260 _bПросвета
_c2017
_fСофия : Ропринт
300 _a52 с.
_c24 см
380 _a3
500 _aЗагл. на гърба на загл. с.: Текстове и тестове по литература за 6. клас
659 _aН
852 _aЦб 288009
856 4 _qpdf
856 4 _qpdf
942 _cKNG
_n0
_s1
944 _aCR
_c13.11.2017
_kВиолета_Тройчева
944 _aED
_c08.01.2018
_kГрета_Цуфелде
999 _d204531